Introduction to Buddhism (Record no. 396208)

MARC details
000 -LEADER
fixed length control field 00435 a2200181 4500
005 - DATE & TIME
control field 20260317125140.0
008 - FIXED-LENGTH DATA ELEMENTS--GENERAL INFORMATION
fixed length control field 260317b |||||||| |||| 00| 0 eng d
020 ## - ISBN
International Standard Book Number 9789359267173
Price Rs. 895.00
040 ## - CATALOGING SOURCE
Original cataloging agency VIVEKANANDA LIBRARY
082 ## - DDC NUMBER
Classification number 294.3
Book Number R812I
100 ## - MAIN ENTRY--PERSONAL NAME
Personal name Roy, Kalpana
245 ## - TITLE STATEMENT
Title Introduction to Buddhism
260 ## - PUBLICATION, DISTRIBUTION, ETC. (IMPRINT)
Place of publication, distribution, etc Delhi
Name of publisher, distributor, etc Kitabwallah
Date of publication, distribution, etc 2026
300 ## - PHYSICAL DESCRIPTION
Pages vi, 200
650 ## - Subject
Subject Religion
650 ## - Subject
Subject Buddhism
942 ## - ADDED ENTRY ELEMENTS (KOHA)
Koha item type Books
Holdings
Withdrawn status Lost status Source of classification or shelving scheme Damaged status Not for loan Location (home branch) Sublocation or collection (holding branch) Shelving location Date acquired Koha issues (times borrowed) Koha full call number Accession No. Koha date last seen Koha item type
    Dewey Decimal Classification     VIVEKANANDA LIBRARY VIVEKANANDA LIBRARY Vivekananda Library 19/02/2026   294.3 R812I 438527 19/02/2026 Books
    Dewey Decimal Classification     VIVEKANANDA LIBRARY VIVEKANANDA LIBRARY Vivekananda Library 19/02/2026   294.3 R812I 438526 19/02/2026 Books
© Designed and Maintained by Vivekananda Library, MDU Rohtak